Statistics for facts about taylor swift

Click here to take the quiz!

General Stats

  • This quiz has been taken 28 times
  • The average score is 9 of 15

Answer Stats

QuestionAnswer% Correct
When is Taylors birthday?13 december
95%
When was taylor born?1989
95%
Where was Taylor born?Pennsylvania
81%
What is Taylor's favorite song out of those she have made?All to well (10 mins version)
76%
What album came out in 2010?Speak now
76%
What is the first single of reputation?Look what you made me do
67%
Which nickname is least common to use for Taylor?Miss america
62%
What is Taylor's favorite color?Purple
62%
What is Taylor's middle name?Alison
57%
How long have Taylor and Selena Gomez been friends?Over 15 Years
52%
How many grammys does taylor have?(2023)12
48%
When did she release her first single?2006
48%
What did Taylor said about her fans calling them self SwiftieThey came up with a name for themself and it so cute and adorable.
43%
When did she start her career?2004
29%
What is Taylor's most streamed song?Blank space
29%

Score Distribution

Percentile by Number Answered

Percent of People with Each Score

Your Score History

You have not taken this quiz